000 00366nam a2200145Ia 4500
008 240624s9999 xx 000 0 und d
041 _aeng
082 _a368.32 BLA
100 _aBLACK KENNETH
245 _aLIFE AND HEALTH INSURANCE
250 _a(13th ed.)
260 _c2004
_aNew Delhi
_bPearson Education
300 _axviii, : 1054 : p. : cm. ; 24
365 _cRS
999 _c487
_d487